The atlas of endangered animals / (Record no. 11870)
[ view plain ]
| 000 -LEADER | |
|---|---|
| fixed length control field | 01308pam a2200361 a 4500 |
| 001 - CONTROL NUMBER | |
| control field | 2977364 |
| 005 - DATE AND TIME OF LATEST TRANSACTION | |
| control field | 20150720100657.0 |
| 006 - FIXED-LENGTH DATA ELEMENTS--ADDITIONAL MATERIAL CHARACTERISTICS--GENERAL INFORMATION | |
| fixed length control field | 000 |
| 007 - PHYSICAL DESCRIPTION FIXED FIELD--GENERAL INFORMATION | |
| fixed length control field | 000 |
| 008 - FIXED-LENGTH DATA ELEMENTS--GENERAL INFORMATION | |
| fixed length control field | 000 |
| 010 ## - LIBRARY OF CONGRESS CONTROL NUMBER | |
| LC control number | 92020387 |
| 020 ## - INTERNATIONAL STANDARD BOOK NUMBER | |
| International Standard Book Number | 0816028567 : |
| Terms of availability | $16.95 ($21.95 Can.) |
| 040 ## - CATALOGING SOURCE | |
| Original cataloging agency | UOEL |
| Transcribing agency | DLC |
| Modifying agency | DLC |
| 042 ## - AUTHENTICATION CODE | |
| Authentication code | lcac |
| 050 00 - LIBRARY OF CONGRESS CALL NUMBER | |
| Classification number | REF QL83 |
| Item number | .P65 1993 |
| 082 00 - DEWEY DECIMAL CLASSIFICATION NUMBER | |
| Classification number | 591.52/9 |
| Edition number | 20 |
| 100 1# - MAIN ENTRY--PERSONAL NAME | |
| Personal name | Pollock, Steve |
| Fuller form of name | (Stephen Thomas) |
| 245 14 - TITLE STATEMENT | |
| Title | The atlas of endangered animals / |
| Statement of responsibility, etc | Steve Pollock |
| 260 ## - PUBLICATION, DISTRIBUTION, ETC. (IMPRINT) | |
| Place of publication, distribution, etc | New York : |
| Name of publisher, distributor, etc | Facts on File, |
| Date of publication, distribution, etc | c1993. |
| 300 ## - PHYSICAL DESCRIPTION | |
| Extent | 64 p. : |
| Other physical details | col. ill., col. maps ; |
| Dimensions | 30 cm. |
| 500 ## - GENERAL NOTE | |
| General note | Includes indexes. |
| 520 ## - SUMMARY, ETC. | |
| Summary, etc | Text and maps focus on areas of the world in which human activity is threatening to destroy endangered species of animals. |
| 650 #0 - SUBJECT ADDED ENTRY--TOPICAL TERM | |
| Topical term or geographic name as entry element | Endangered species |
| General subdivision | Juvenile literature. |
| Topical term or geographic name as entry element | Wildlife conservation |
| General subdivision | Juvenile literature. |
| Topical term or geographic name as entry element | Rare animals. |
| Topical term or geographic name as entry element | Rare animals |
| General subdivision | Maps. |
| Topical term or geographic name as entry element | Wildlife conservation. |
| Topical term or geographic name as entry element | Wildlife conservation |
| General subdivision | Maps. |
| 740 0# - ADDED ENTRY--UNCONTROLLED RELATED/ANALYTICAL TITLE | |
| Uncontrolled related/analytical title | Animals. |
| 906 ## - LOCAL DATA ELEMENT F, LDF (RLIN) | |
| a | 7 |
| b | cbc |
| c | orignew |
| d | 1 |
| e | ocip |
| f | 19 |
| g | y-gencatlg |
| 942 ## - ADDED ENTRY ELEMENTS (KOHA) | |
| Source of classification or shelving scheme | Library of Congress Classification |
| Item type | Reference |
| Withdrawn status | Lost status | Source of classification or shelving scheme | Damaged status | Not for loan | Home library | Current library | Shelving location | Date acquired | Total Checkouts | Full call number | Barcode | Date last seen | Copy number | Price effective from | Koha item type |
|---|---|---|---|---|---|---|---|---|---|---|---|---|---|---|---|
| Library of Congress Classification | UOE Main Library | UOE Main Library | Reference | 20/07/2015 | REF QL83 .P65 1993 | 10057038 | 20/07/2015 | 10057038 | 20/07/2015 | Reference |
